| 000 | 00604cam a2200217 a 4500 | ||
|---|---|---|---|
| 001 | 15106577 | ||
| 005 | 20180309081856.0 | ||
| 008 | 071207s2009 nyua 001 0 eng | ||
| 010 | _a 2007050388 | ||
| 020 | _a9780393926491 | ||
| 040 |
_aDLC _cDLC _dDLC |
||
| 041 | _aeng | ||
| 080 | _a540 GIL | ||
| 082 | 0 | 0 |
_a540 GIL _222 |
| 100 | _a12 | ||
| 101 | _aKIM | ||
| 245 | 0 | 0 |
_aChemistry. _pThe science in context. |
| 906 |
_a7 _bcbc _corignew _d1 _eecip _f20 _gy-gencatlg |
||
| 942 |
_2ddc _cBK |
||
| 999 |
_c44614 _d44614 |
||